000
00322nam a2200133Ia 4500
008
160319s9999 xx 000 0 und d
050
_a
372.6
050
_b
D671h 2001
100
_a
Dominguez, Leticia F.
245
_a
Hiyas ng Kayumanggi 2
260
_b
Abiva Pub. House Inc.
260
_c
2001
300
_a
280 pages :
999
_c
292128
_d
292128